Public Administration in America
This book tackles the current and emerging trends, ethics, and challenges in public administration with the most comprehensive scholarship available.
Sparad:
| Huvudupphovsman: | |
|---|---|
| Materialtyp: | Bok |
| Språk: | Undetermined |
| Publicerad: |
Belmont, CA
Thomson/Wadsworth
2007
|
| Ämnen: | |
| Taggar: |
Lägg till en tagg
Inga taggar, Lägg till första taggen!
|
| Thư viện lưu trữ: | Trung tâm Học liệu Trường Đại học Cần Thơ |
|---|
| LEADER | 00741nam a2200205Ia 4500 | ||
|---|---|---|---|
| 001 | CTU_181485 | ||
| 008 | 210402s9999 xx 000 0 und d | ||
| 082 | |a 351.73 | ||
| 082 | |b M637 | ||
| 100 | |a Milakovich, Michael E. | ||
| 245 | 0 | |a Public Administration in America | |
| 245 | 0 | |c Michael E. Milakovich, George J. Gordon | |
| 260 | |a Belmont, CA | ||
| 260 | |b Thomson/Wadsworth | ||
| 260 | |c 2007 | ||
| 520 | |a This book tackles the current and emerging trends, ethics, and challenges in public administration with the most comprehensive scholarship available. | ||
| 650 | |a Public administration,Hành chính công | ||
| 650 | |z United States,Hoa Kỳ | ||
| 904 | |i Thy | ||
| 980 | |a Trung tâm Học liệu Trường Đại học Cần Thơ | ||